Designs for Experimentation and Inquiry (Record no. 20848)

MARC details
000 -LEADER
fixed length control field 00464nam a2200109Ia 4500
008 - FIXED-LENGTH DATA ELEMENTS--GENERAL INFORMATION
fixed length control field 220616s9999||||xx |||||||||||||| ||und||
245 #0 - TITLE STATEMENT
Title Designs for Experimentation and Inquiry
Remainder of title Approaching Learning and Knowing in Digital Transformation
546 ## - LANGUAGE NOTE
Language note English[eng]
650 ## - SUBJECT ADDED ENTRY--TOPICAL TERM
Topical term or geographic name entry element Digital Learning||Digital Media||Digital Transformation||EARLI||Education||Technology||Research||Practice
700 ## - ADDED ENTRY--PERSONAL NAME
Personal name Mäkitalo, Åsa||Nicewonger, Todd E.||Elam, Mark
942 ## - ADDED ENTRY ELEMENTS (KOHA)
Koha item type E-Books
Holdings
Withdrawn status Lost status Damaged status Not for loan Home library Current library Date acquired Total Checkouts Date last seen Price effective from Koha item type
        Kerala University of Digital Sciences, Innovation and Technology Knowledge Centre Kerala University of Digital Sciences, Innovation and Technology Knowledge Centre 16/06/2022   16/06/2022 16/06/2022 E-Books